000 00827nam 22002653 4500
001 201257
010 _a972-618-136-4
021 _aPT
_b98433/96
090 _a201257
100 _a20260313d u||y0pory50 ba
101 _apor
102 _aPT
200 _aSondagens
_eA amostragem como factor decisivo de qualidade
_fPaula Vicente, Elizabeth Reis e Fátima Ferrão
205 _a
210 _aLisboa
_cEdições Sílabo
_d1996
215 _a238, [2] p. : il.
_cBrochado
_d24 cm
606 _916838
_aCiências Sociais.
_xInquéritos
610 _aSondagens -- Metodologia
675 _a303.4(469)/VIC/SON
_vPT
_zpor
700 _916839
_aVicente
_bPaula
701 _916841
_aReis
_bElizabeth
701 _916842
_aFerrão
_bFátima
801 _aPT
_bBMMN
_gRPC
830 _cCarlos Pinto
_d13-03-2026
_fCarlos Pinto
990 _cLIVROS